Ebony - Unforgettable [paroles] - Statistiques

Statistiques générales
  • Ce quiz a été pris 8 fois
  • Le résultat moyen est 48 sur 80
Statistiques - réponses
Réponse % Correct
je
100%
à
86%
ai
86%
amour
86%
blessée
86%
fait
86%
jamais
86%
j’en
86%
j’étais
86%
le
86%
ma
86%
plus
86%
serai
86%
ta
86%
ton
86%
unforgettable
86%
cœur
71%
la
71%
71%
laissée
71%
les
71%
moi
71%
on
71%
te
71%
tour
71%
tristesse
71%
avoir
57%
ces
57%
cette
57%
crois
57%
dans
57%
de
57%
et
57%
être
57%
faire
57%
femme
57%
fenêtre
57%
loin
57%
l’orage
57%
mais
57%
matins
57%
même
57%
mémoire
57%
mes
57%
montagnes
57%
mots
57%
noir
57%
pour
57%
que
57%
qui
57%
reconnue
57%
réveille
57%
rue
57%
s’est
57%
soleil
57%
toi
57%
t’oublierai
57%
tous
57%
tu
57%
voulais
57%
aimés
43%
ciel
43%
crier
43%
crierai
43%
larmes
43%
perdre
43%
rêves
43%
sécherai
43%
soulever
43%
soulèverai
43%
tes
43%
tête
43%
brûler
29%
flammes
29%
nuages
29%
oh
29%
oui
29%
sommeil
29%
tonnerre
29%
ouh
0%
Aucun quiz correspondant
Distribution des résultats
% des personnes avec chaque résultat
Percentile par nombre de réponses
Votre historique - résultats
Vous n’avez pas pris ce quiz